00680nam a2200181 a 4500008004100000020001500041050001400056100002100070245004700091260004600138300002100184350000900205650001900214650002200233995009600255999001700351952013000368120416s1984 ||||||||||||||||| || u a0130393223 aT 385 Art aArtwick, Bruce A10aApplied concepts in microcomputer graphics aEnglewood Cliffs:bFT Prentice-Hallc1984 aix, 374p. : ill. a0.00 aMICROCOMPUTERS 0aCOMPUTER GRAPHICS D0.00FCBU-MAIN LIBRARY (Kitwe)H1I49.20M1UAVAILABLEZMain Library Open Access Collection c34539d34539 00102lcc4070a001b001cMain Library Open Access Collectiond2022-11-30l0oT 385 Artp013740r2022-11-30w2022-11-30y002